<?xml version="1.0" encoding="UTF-8"?>
<record
    xmlns:xsi="http://www.w3.org/2001/XMLSchema-instance"
    xsi:schemaLocation="http://www.loc.gov/MARC21/slim http://www.loc.gov/standards/marcxml/schema/MARC21slim.xsd"
    xmlns="http://www.loc.gov/MARC21/slim">

  <leader>00458nam a2200157Ia 4500</leader>
  <controlfield tag="008">090122s9999    xx            000 0 und d</controlfield>
  <datafield tag="082" ind1=" " ind2=" ">
    <subfield code="b">2920</subfield>
    <subfield code="a">O155:B</subfield>
  </datafield>
  <datafield tag="100" ind1=" " ind2=" ">
    <subfield code="a">&#x926;&#x93E;&#x938;</subfield>
    <subfield code="b">&#x92E;&#x928;&#x94B;&#x91C;</subfield>
    <subfield code="c">/</subfield>
  </datafield>
  <datafield tag="245" ind1=" " ind2=" ">
    <subfield code="a">&#x938;&#x941;&#x930;&#x938; &#x917;&#x94B;&#x937;&#x94D;&#x91F;&#x940;</subfield>
  </datafield>
  <datafield tag="260" ind1=" " ind2=" ">
    <subfield code="b">&#x928;&#x945;&#x936;&#x928;&#x932; &#x92C;&#x941;&#x915; &#x91F;&#x94D;&#x930;&#x938;&#x94D;&#x91F;</subfield>
  </datafield>
  <datafield tag="600" ind1=" " ind2=" ">
    <subfield code="a">&#x926;&#x93E;&#x938;</subfield>
  </datafield>
  <datafield tag="630" ind1=" " ind2=" ">
    <subfield code="a">&#x938;&#x941;&#x930;&#x938; &#x917;&#x94B;&#x937;&#x94D;&#x91F;&#x940;</subfield>
  </datafield>
  <datafield tag="700" ind1=" " ind2=" ">
    <subfield code="a">&#x926;&#x93E;&#x938;</subfield>
  </datafield>
  <datafield tag="730" ind1=" " ind2=" ">
    <subfield code="a">&#x938;&#x941;&#x930;&#x938; &#x917;&#x94B;&#x937;&#x94D;&#x91F;&#x940;</subfield>
  </datafield>
  <datafield tag="942" ind1=" " ind2=" ">
    <subfield code="c">BOOK</subfield>
  </datafield>
  <datafield tag="999" ind1=" " ind2=" ">
    <subfield code="c">26998</subfield>
    <subfield code="d">26998</subfield>
  </datafield>
  <datafield tag="952" ind1=" " ind2=" ">
    <subfield code="0">1</subfield>
    <subfield code="1">0</subfield>
    <subfield code="4">0</subfield>
    <subfield code="7">0</subfield>
    <subfield code="a">DOMGRANTH</subfield>
    <subfield code="b">DOMGRANTH</subfield>
    <subfield code="d">2009-01-22</subfield>
    <subfield code="l">0</subfield>
    <subfield code="o">2920</subfield>
    <subfield code="p">DOM-2920</subfield>
    <subfield code="r">2009-01-22 00:00:00</subfield>
    <subfield code="t">1</subfield>
    <subfield code="w">2009-01-22</subfield>
    <subfield code="y">BOOK</subfield>
  </datafield>
</record>
